Normal view
MARC view
Entry Topical Term
001 - CONTROL NUMBER
- control field: 61904
003 - CONTROL NUMBER IDENTIFIER
- control field:
005 - DATE AND TIME OF LATEST TRANSACTION
- control field: 20241210110522.0
008 - FIXED-LENGTH DATA ELEMENTS
- fixed length control field: 241210|| aca||aabn | a|a d
040 ## - CATALOGING SOURCE
- Original cataloging agency:
- Transcribing agency:
150 ## - HEADING--TOPICAL TERM
- Topical term or geographic name entry element: Authority
- Form subdivision: Great Britain
670 ## - SOURCE DATA FOUND
- Source citation: Work cat.: ()25038: CRAGG, Gerald Robertson aut 46407, Reason and authority in the eighteenth century /, 1964
